Faces and features

Bibliographic Details
Other Authors: Board, Editorial
Format: Book
Published: Selangor : Penerbit mega setia emas , 2006
Series:Step by step drawing 2
Subjects:

MARC

LEADER 00000cam a2200000 7i4500
001 0000004367
005 20151222.0
008 070725
020 |a 9831438159(set) 
020 |a 9831438256 
090 0 0 |a JF   |b ART ENG (5326) 
245 0 0 |a Faces and features 
260 |a Selangor :   |b Penerbit mega setia emas ,   |c 2006 
440 0 |a Step by step drawing 2 
500 |a Children ages 7-9 years old (orange) 
650 0 |a Art   |x Juvinale literature 
650 0 |a Junior fiction   |x English   |x Languages 
700 1 |a Board, Editorial 
999 |a 0000973333   |b Book   |c Children Collection   |e Cawangan Pontian 
999 |a 0000973334   |b Book   |c Children Collection   |e Perbadanan Perpustakaan Awam Johor 
999 |a 0000973335   |b Book   |c Children Collection   |e Perbadanan Perpustakaan Awam Johor 
999 |a 0000973336   |b Book   |c Children Collection   |e Cawangan Mersing 
999 |a 0000973337   |b Book   |c Children Collection   |e Perbadanan Perpustakaan Awam Johor